| 000 | 00647nam a2200121Ia 4500 | ||
|---|---|---|---|
| 008 | 171212s9999 xx 000 0 und d | ||
| 020 | _a9781607324157 | ||
| 245 |
_ceditor Kurnick, Sarah;Baron, Joanne _aPolitical Strategies in Pre-Columbian Mesoamerica |
||
| 260 |
_bUniversity Press of Colorado _c2016 |
||
| 650 | _aArchaeology | ||
| 650 | _aIndians of Mexico -- Antiquities; Indians of Central America -- Antiquities; Indians of Mexico -- Politics and government; Indians of Central America -- Politics and government; Authority -- Political aspects -- Mexico -- History -- To 1500; Authority -- | ||
| 856 | _uhttp://jstor.org/stable/j.ctt1b7x60z | ||
| 999 |
_c353150 _d353150 |
||